Sex Hormone to Endocrine Gland - Statistics

General Stats
  • This quiz has been taken 26 times
  • The average score is 2 of 8
Answer Stats
Hormone Endocrine gland % Correct
FSH Anterior Pituitary
88%
LH Anterior Pituitary
82%
Prolactin Anterior Pituitary
24%
Progesterone Corpus Luteum
18%
Oxytocin Hypothalamus
18%
hCG Blastocyst/Placenta
6%
Testosterone Leydig Cells
6%
Oestrogen Placenta
6%
No matching quizzes found
Score Distribution
Percent of People with Each Score
Percentile by Number Answered
Your Score History
You have not taken this quiz